Vista normal
Vista MARC
Entrada Personal Name
Número de registros utilizados en: 1
001 - CONTROL NUMBER
- control field: 68762
003 - CONTROL NUMBER IDENTIFIER
- control field: OSt
005 - DATE AND TIME OF LATEST TRANSACTION
- control field: 20260213224252.0
008 - FIXED-LENGTH DATA ELEMENTS
- fixed length control field: 260213|| aca||aabn | a|a d
040 ## - CATALOGING SOURCE
- Original cataloging agency: OSt
- Transcribing agency: OSt
100 ## - HEADING--PERSONAL NAME
- Personal name: Martín, Adolfo
670 ## - SOURCE DATA FOUND
- Source citation: Work cat.: (OSt)60471: Le Carré, John, 1931-2020 68761, La casa rusia /